00835cam a2200253 a 4500001001300000003000400013005001700017008004100034010001700075035002600092040002700118042001400145050002700159066000700186100003500193245005000228250002400278260007100302300002000373880003400393880005400427880002300481880007700504k 67000264 DLC20260227111525.0000302s1955 ko 000 0 kor c ak 67000264  a(CStRLIN)DCLP00-B3034 aUPRAcUPRAdDLC-RdDLC alccopycat00aPL992.415.C5bS57 1955 c$11 6880-01aKim, Chong-mun,d1919-106880-02aSisa sidae :bsijip /cKim Chong-mun. 6880-03aChʻopʻan. 6880-04aSŏul Tʻŭkpyŏlsi :bPomunʼgak,cTanʼgi 4288 [1955] a55 p. ;c21 cm.1 6100-01/$1a金 宗文,d1919-106245-02/$1a詩史 時代 :b詩集 /c金 宗文. 6250-03/$1a初版. 6260-04/$1a서울 特別市 :b普文閣,c檀紀 4288 [1955]